00503nam a2200157Ia 4500003000900000008004100009020001800050040001600068080001800084100001800102245013300120260004800253300001500301650001300316650001600329IN-BaIIA211028s9999 xx 000 0 eng d a0-521-39426-0 cIIA Library a524.7-34bSAS aSaslaw, W. C. 0aDistribution of the galaxiesbgravitational clustering in cosmologycW. C. Saslaw  aCambridgebCambridge University Pressc2000 axii, 508p. agalaxies agravitation